After the banquet

Spremljeno u:
Bibliografski detalji
Glavni autor: Mishima, Yukio
Format: Knjiga
Jezik:Undetermined
Izdano: New York Knopf 1963
Teme:
Oznake: Dodaj oznaku
Bez oznaka, Budi prvi tko označuje ovaj zapis!
Thư viện lưu trữ: Trung tâm Học liệu Trường Đại học Cần Thơ
LEADER 00509nam a2200181Ia 4500
001 CTU_113456
008 210402s9999 xx 000 0 und d
082 |a 895.635 
082 |b M678 
100 |a Mishima, Yukio 
245 0 |a After the banquet 
245 0 |c Yukio Mishima; Translated from the Japanese by Donald Keene 
260 |a New York 
260 |b Knopf 
260 |c 1963 
650 |a Japan fiction,Japan literature 
904 |i M.Loan 
980 |a Trung tâm Học liệu Trường Đại học Cần Thơ